RICS Global Accreditation: (Record no. 121674)
[ view plain ]
| 000 -LEADER | |
|---|---|
| fixed length control field | 00896nam a22002297a 4500 |
| 008 - FIXED-LENGTH DATA ELEMENTS--GENERAL INFORMATION | |
| fixed length control field | 231006s2019 xxk|||||o|||| 00| 0 eng d |
| 041 ## - LANGUAGE CODE | |
| Language code of text/sound track or separate title | eng |
| 110 ## - MAIN ENTRY--CORPORATE NAME | |
| Corporate author | Royal Institution of Chartered Surveyors |
| 245 ## - TITLE STATEMENT | |
| Title | RICS Global Accreditation: |
| Subtitle | Policy and Process |
| Medium | [Electronic resource] |
| 260 ## - PUBLICATION INFORMATION | |
| Place of publication | London, |
| Publisher | Royal Institution of Chartered Surveyors, |
| Date | 2019 |
| 300 ## - PHYSICAL DESCRIPTION | |
| Physical description | 20p. |
| 490 ## - SERIES TITLE | |
| Series statement | version 1.1 |
| 520 ## - ABSTRACT | |
| Abstract | Outline of the RICS accreditation processes and policy globally. |
| 650 ## - KEYWORDS | |
| Keywords | ACCREDITATION |
| 650 ## - KEYWORDS | |
| Keywords | EDUCATION |
| 650 ## - KEYWORDS | |
| Keywords | QUALIFICATION |
| 650 ## - KEYWORDS | |
| Keywords | SURVEYING PROFESSION |
| 651 ## - SUBJECT ADDED ENTRY--GEOGRAPHIC NAME | |
| Geographic name | International |
| 710 ## - ADDED CORPORATE NAME | |
| Added corporate author | Royal Institution of Chartered Surveyors |
| 856 ## - ONLINE RESOURCE | |
| Uniform Resource Identifier | <a href="https://www.rics.org/content/dam/ricsglobal/documents/standards/RICS%20Global%20Accreditation%20-%20Policy%20and%20Process%20(1%20Jan%202019).pdf">https://www.rics.org/content/dam/ricsglobal/documents/standards/RICS%20Global%20Accreditation%20-%20Policy%20and%20Process%20(1%20Jan%202019).pdf</a> |
| Public note | Available free on RICS.org |
| 942 ## - ADDED ENTRY ELEMENTS (KOHA) | |
| Suppress in OPAC | Do not suppress in OPAC |
| Lost status | Damaged status | Not for loan | Current library | Shelving location | Date acquired | Total Checkouts | Full call number | Date last seen | Price effective from | Koha item type |
|---|---|---|---|---|---|---|---|---|---|---|
| Virtual | Online | 06/10/2023 | ONLINE PUBLICATION | 06/10/2023 | 06/10/2023 | Online material |